| 000 | 01376nam a2200325Ia 4500 | ||
|---|---|---|---|
| 001 | ebr10282712 | ||
| 003 | CaPaEBR | ||
| 006 | m u | ||
| 007 | cr cn||||||||| | ||
| 008 | 080814s2009 maua s 001 0 eng d | ||
| 020 | _z9781598638448 | ||
| 020 | _z1598638440 | ||
| 040 |
_aCaPaEBR _cCaPaEBR |
||
| 035 | _a(OCoLC)463189980 | ||
| 050 | 1 | 4 |
_aGE195.7 _b.M67 2009eb |
| 100 | 1 | _aMorgan, Erinn. | |
| 245 | 1 | 0 |
_aPicture yourself going green _h[electronic resource] : _bstep-by-step instruction for living a budget-conscious, earth-friendly lifestyle in eight weeks or less / _cErinn Morgan. |
| 246 | 3 | 0 |
_aGoing green : _bstep-by-step instruction for living a budget-conscious, earth-friendly lifestyle in eight weeks or less |
| 260 |
_aBoston : _bCourse Technology, _cc2009. |
||
| 300 |
_axiii, 218 p. : _bcol. ill. |
||
| 490 | 1 | _aPicture yourself | |
| 500 | _aIncludes index. | ||
| 533 |
_aElectronic reproduction. _bPalo Alto, Calif. : _cebrary, _d2011. _nAvailable via World Wide Web. _nAccess may be limited to ebrary affiliated libraries. |
||
| 650 | 0 | _aEnvironmental responsibility. | |
| 650 | 0 | _aEnvironmental ethics. | |
| 655 | 7 |
_aElectronic books. _2local |
|
| 710 | 2 | _aebrary, Inc. | |
| 830 | 0 | _aPicture yourself. | |
| 856 | 4 | 0 |
_uhttp://site.ebrary.com/lib/rucke/Doc?id=10282712 _zAn electronic book accessible through the World Wide Web; click to view |
| 999 |
_c3584 _d3584 |
||